| 000 | 00443cam a22001217a 4500 | ||
|---|---|---|---|
| 008 | 180718b-- xxu||||| |||| 00| 0 eng d | ||
| 082 | _aW4068x5441 | ||
| 245 |
_aTraffic census results, Gujarat _cby Directorate of Economics and Statistics, Gujarat |
||
| 260 |
_aGandhinagar _bThe author _c-- |
||
| 500 | _aLibrary has 1994-1995, 1997-1999 | ||
| 650 | _aTraffic surveys - India - Gujarat | ||
| 700 | _aGujarat. Directorate of Economics and Statistics | ||
| 999 |
_c487397 _d487397 |
||